| 000 | 00382nam a2200133Ia 4500 | ||
|---|---|---|---|
| 008 | 210210b1966 xxu||||| |||| 00| 0 eng d | ||
| 082 | _a371.0973 GREE | ||
| 100 | _aGREELEY (Andrew M) and ROSSI (Peter H). | ||
| 245 | _aEducation of catholic Americans. | ||
| 260 |
_aNew York. _bAnchor Books Doubleday & Co Inc _c1966 |
||
| 300 | _axxiii,403 | ||
| 690 | _aEducation | ||
| 906 | _a041130 | ||
| 999 |
_c90711 _d90711 |
||